Tropic of Cancer (Picture Click) Quiz Stats

 Plays Quiz not verified by Sporcle

Challenge
Share
Tweet
Score 0/16 Timer 03:00
0 Plays Today
% Correct
India
93.6%
Saudi Arabia
92.9%
Libya
91.5%
Mexico
91.2%
Algeria
89.4%
Egypt
88.3%
Mauritania
82.3%
Myanmar
81.3%
% Correct
China
78.4%
Mali
72.1%
Niger
64%
Oman
58%
Bangladesh
47.7%
UAE
40.3%
Taiwan
35%
Bahamas
20.1%

You're not logged in!

Compare scores with friends on all Sporcle quizzes.
OR
Log In

You Might Also Like...

Show Comments

Extras

Top Quizzes Today


Score Distribution

Your Account Isn't Verified!

In order to create a playlist on Sporcle, you need to verify the email address you used during registration. Go to your Sporcle Settings to finish the process.

Report this User

Report this user for behavior that violates our Community Guidelines.

Details: